000 00483nam a2200157 i 4500
001 82750
003 ES-MaACL
005 20230906174727.0
007 t|
008 041111s1962 ja ||||1| eng d
100 1 _aInoue, Mitesusada.
_965336
245 1 0 _aIntroduction to Japanese History
_b: before the Meiji Restoration /
_cby Mitesusada.
260 _aTokyo :
_bKokosai Bunka Shinkokai,
_c1962.
300 _aX, 124 p., 14 lám. ;
_c24 cm.
852 _aES-MaACL
_jC-26354
_bR.55501
999 _c82750
_d82750